God's Answers to Your Questions / (Record no. 6142)

000 -LEADER
fixed length control field 00400nam a22001217a 4500
008 - FIXED-LENGTH DATA ELEMENTS--GENERAL INFORMATION
fixed length control field 150922b xxu||||| |||| 00| 0 eng d
050 ## - LIBRARY OF CONGRESS CALL NUMBER
Classification number BX 6154.V56 1957
100 ## - MAIN ENTRY--PERSONAL NAME
Personal name Vine, R. D.
Dates associated with a name 1957
245 ## - TITLE STATEMENT
Title God's Answers to Your Questions /
Statement of responsibility, etc. Vine,R.D.
260 ## - PUBLICATION, DISTRIBUTION, ETC. (IMPRINT)
Place of publication, distribution, etc. England :
Name of publisher, distributor, etc. Stanborough Press Limited,
Date of publication, distribution, etc. 1957.
300 ## - PHYSICAL DESCRIPTION
Extent 187p:ill.
500 ## - GENERAL NOTE
General note includes index.
942 ## - ADDED ENTRY ELEMENTS (KOHA)
Source of classification or shelving scheme
Koha item type Hard Covered Materials
Classification part BX 6154.V56 1957
Holdings
Withdrawn status Lost status Source of classification or shelving scheme Damaged status Not for loan Home library Current library Date acquired Source of acquisition Total Checkouts Full call number Barcode Date last seen Date last checked out Price effective from Koha item type
          MACHAKOS UNIVERSITY LIBRARY MACHAKOS UNIVERSITY LIBRARY 22/09/2015 DONATION (BFA) 2 BX 6154.V56 1957 12188 30/05/2019 04/06/2016 22/09/2015 Hard Covered Materials
© Machakos University Library, Along The Highway, Machakos Wote Rd, Machakos, Kenya P.O. Box 136 - 90100 Machakos - Kenya

Tel: ( +254 ) 723 805829 OR Fax : 044-20353 OR Email: library@mksu.ac.ke